| 000 | 00387nam a2200157Ia 4500 | ||
|---|---|---|---|
| 008 | 230711s9999||||xx |||||||||||||| ||und|| | ||
| 041 | _aENG | ||
| 082 |
_a720 _bLE-C |
||
| 100 | _aLevy,Sidney M | ||
| 245 | 0 | _aConstruction databook : construction materials equipment | |
| 250 | _a2nd | ||
| 260 |
_c2010 _aNew York _bMcGraw Hill |
||
| 300 | _a680 | ||
| 650 | _aArchitecture | ||
| 942 | _cBK | ||
| 999 |
_c5411 _d5411 |
||